Statistics for Greys anatomy last name

Click here to take the quiz!

General Stats

  • This quiz has been taken 531 times
  • The average score is 19 of 20

Answer Stats

HintAnswer% Correct
LexieGrey
100%
MeredithGrey
100%
DerekShepherd
100%
AmeliaShepherd
100%
MirandaBailey
99%
ChristinaYang
99%
RichardWebber
98%
OwenHunt
97%
AlexKarev
97%
MarkSloan
97%
CallieTorres
97%
JoWilson
94%
AddisonMontgomery
93%
ArizonaRobbins
93%
TeddyAltman
89%
AndrewDeluca
88%
BenWarren
85%
MaggiePierce
83%
NathanRiggs
80%
StephanieEdwards
68%

Score Distribution

Percentile by Number Answered

Percent of People with Each Score

Your Score History

You have not taken this quiz